The AIR manual: (Record no. 42935)
[ view plain ]
| 000 -LEADER | |
|---|---|
| fixed length control field | 01157nam a22003497a 4500 |
| 005 - DATE AND TIME OF LATEST TRANSACTION | |
| control field | 20240806164024.0 |
| 010 ## - LCCN (DPL NO) | |
| LC control number | ENG-101305 ENG-138975 ENG-138974 ENG-138973 ENG-141254 |
| 020 ## - INTERNATIONAL STANDARD BOOK NUMBER | |
| Terms of availability | 500.00 (EACH) |
| 035 ## - SYSTEM CONTROL NUMBER | |
| System control number | EN-84838 |
| 035 ## - SYSTEM CONTROL NUMBER | |
| System control number | EN-124786 |
| 035 ## - SYSTEM CONTROL NUMBER | |
| System control number | EN-122506 |
| 035 ## - SYSTEM CONTROL NUMBER | |
| System control number | EN-122505 |
| 035 ## - SYSTEM CONTROL NUMBER | |
| System control number | EN-122507 |
| 037 ## - SOURCE OF ACQUISITION | |
| Source of stock number/acquisition | DBAD |
| 082 ## - DEWEY DECIMAL CLASSIFICATION NUMBER | |
| Classification number | 347.052 |
| 100 ## - MAIN ENTRY--PERSONAL NAME | |
| Personal name | Manohar |
| 245 ## - TITLE STATEMENT | |
| Title | The AIR manual: |
| Remainder of title | Unrepealed central acts (civil and criminal)/ |
| Statement of responsibility, etc | By Manohar [and] Chitaley |
| 250 ## - EDITION STATEMENT | |
| Edition statement | 6th ed |
| 260 ## - PUBLICATION, DISTRIBUTION, ETC. (IMPRINT) | |
| Place of publication, distribution, etc | Nagpur |
| Name of publisher, distributor, etc | The All India Reporter |
| Date of publication, distribution, etc | 2004 |
| 270 ## - ADDRESS | |
| Address | Post Box No. 209, Congress Nagar |
| City | Nagpur |
| Postal code | 440012 |
| 300 ## - PHYSICAL DESCRIPTION | |
| Extent | v.6 (xx,1337p.) |
| Dimensions | 25cm(Hb) |
| 300 ## - PHYSICAL DESCRIPTION | |
| Extent | v.43 (xvi,1928p.) |
| Dimensions | 25cm(Hb) |
| 300 ## - PHYSICAL DESCRIPTION | |
| Extent | v.44 (cxxiv,2360p.) |
| Dimensions | 25cm(Hb) |
| 300 ## - PHYSICAL DESCRIPTION | |
| Extent | v.45 (xx,1337p.) |
| Dimensions | 25cm (Hb) |
| 490 ## - SERIES STATEMENT | |
| Series statement | AIR publication |
| Volume number/sequential designation | VOL6, VOL43, VOL44, VOL45, VOL-42 |
| 505 ## - FORMATTED CONTENTS NOTE | |
| Formatted contents note | V.6- Civil P. C. (1908), Order 18 to Civil P. C. (1908), Order 38 |
| 650 ## - SUBJECT ADDED ENTRY--TOPICAL TERM | |
| Topical term or geographic name as entry element | Law |
| 650 ## - SUBJECT ADDED ENTRY--TOPICAL TERM | |
| Topical term or geographic name as entry element | Civil law |
| 650 ## - SUBJECT ADDED ENTRY--TOPICAL TERM | |
| Topical term or geographic name as entry element | Criminal law |
| 700 ## - ADDED ENTRY--PERSONAL NAME | |
| Personal name | Chitaley |
| 9 (RLIN) | 16093 |
| Relator term | Author |
| 942 ## - ADDED ENTRY ELEMENTS (KOHA) | |
| Source of classification or shelving scheme | Dewey Decimal Classification |
| Item type | English Books |
| Classification part | 347.052 |
| Call number suffix | MAN |
| Withdrawn status | Lost status | Materials specified (bound volume or other part) | Not for loan | Collection code | Home library | Current library | Date acquired | Source of acquisition | Cost, normal purchase price | Full call number | Barcode | Copy number | Cost, replacement price | Koha item type | Public note |
|---|---|---|---|---|---|---|---|---|---|---|---|---|---|---|---|
| VOL 45 | Not For Loan | Reference | Ashok Vihar | Ashok Vihar | 23/01/2024 | DBAD/PUB | 500.00 | 347.052 MAN | EN-122505 | 1 | 500.00 | English Books | |||
| VOL 43 | Not For Loan | Reference | Ashok Vihar | Ashok Vihar | 23/01/2024 | DBAD/PUB | 500.00 | 347.052 MAN | EN-122506 | 1 | 500.00 | English Books | |||
| VOL 44 | Not For Loan | Reference | Ashok Vihar | Ashok Vihar | 23/01/2024 | DBAD/PUB | 500.00 | 347.052 MAN | EN-122507 | 1 | 500.00 | English Books | |||
| VOL 42 | Non-fiction | Ashok Vihar | Ashok Vihar | 06/08/2024 | Delivery of Books Act Division | 500.00 | 347.052 MAN | EN-124786 | 1 | 500.00 | English Books | ||||
| V.6 | Not For Loan | Non-fiction | D.B.Act.Division | D.B.Act.Division | 23/08/2010 | DBAD/PUB | 500.00 | 347.052 MAN | EN-84838 | 1 | 500.00 | English Books | V.6 |
